| 000 | 00794nam a2200217 a 4500 | ||
|---|---|---|---|
| 005 | 20230520064014.0 | ||
| 008 | 010710s2000 mx r 000 0 spa d | ||
| 020 | _a9706543724 | ||
| 035 | _aUPN01000109432 | ||
| 049 | _aCG | ||
| 050 | 4 |
_aD135 M6 _bF6.7 |
|
| 245 | 0 | 0 |
_aFormatos, géneros y discursos : _bmemoria del segundo encuentro de historiografía / _ccoord. José A. Ronzón León ; colab. Valeria Cortés. |
| 260 |
_aMéxico : _bUAM-Azcapotzalco, División de Ciencias Sociales y Humanidades, _c2000. |
||
| 300 |
_a463 p. _bil. |
||
| 440 | 0 | _aMemorias | |
| 650 | 4 |
_aHISTORIA - _xMETODOLOGIA - _vDISCURSOS, ENSAYOS, CONFERENCIAS, ETC. |
|
| 651 | 4 |
_aMéxico _xHistoriografía _91528 |
|
| 700 | 1 |
_aRonzón León, José A., _ecomp. |
|
| 700 | 1 |
_aCortés, Valeria, _ecolab. |
|
| 905 | _aLibro | ||
| 999 |
_c83343 _d83343 |
||